000 00436nam a22001457a 4500
999 _c7737
_d7735
005 20210323122533.0
008 210323b ||||| |||| 00| 0 eng d
082 _a345.408 23
100 _aMANOHAR AND CHITALEY
_96503
245 _aTHE AIR MANUAL CIVIL AND CRIMINAL [ CIVIL,P.C. [1908,] S,113 TO ORDER 17, RULE -3 [VOL-5]
260 _aNAGPUR
_bTHE ALL INDIA REPORTER PVT.LTD.
300 _a1344,p
650 _aLAW
_95701
942 _cJRL